| 000 | 00610nam a2200181 a 4500 | ||
|---|---|---|---|
| 005 | 20231018063542.0 | ||
| 008 | 991125c1971 cal 000 0 spa u | ||
| 035 | _aUPN01000044311 | ||
| 049 | _aAV | ||
| 099 | _aPVI P 0393 | ||
| 245 | 0 | 3 | _aEl periódico de hoy |
| 260 |
_aCalifornia (EUA) : _bAIMS MEDIA, _cc1971. |
||
| 300 |
_a1 videocasete (VHS) (22 min.) : _bson., col. |
||
| 520 | _aEn forma detallada se presenta el proceso de producción deun diario y se resalta la importancia del factor tiempo encuestión de noticias | ||
| 650 | 2 |
_aPeriódicos _910229 |
|
| 650 | 4 | _aPRESAS | |
| 905 | _aAudiovisuales | ||
| 999 |
_c44311 _d44311 |
||